[Event "3. Torneig Internacional Vila de Sitges"]
[Site "Sitges ESP"]
[Date "2009.10.25"]
[Round "1.1"]
[White "Cruz, Filemon"]
[Black "Cruz, Jonathan"]
[Result "1/2-1/2"]
[WhiteElo "2404"]
[BlackElo "2292"]
[PlyCount "33"]
[EventDate "2009.10.25"]
[EventType "tourn"]
[EventRounds "9"]
[EventCountry "ESP"]
[Source "lmi"]
[SourceDate "2009.10.25"]

1. Nf3 Nf6 2. b3 g6 3. Bb2 Bg7 4. e3 c5 5. c4 O-O 6. Be2 Nc6 7. O-O b6 8. d3
Bb7 9. Nbd2 d5 10. cxd5 Nxd5 11. Bxg7 Kxg7 12. Qc2 Kg8 13. a3 e6 14. Rac1 Rc8
15. Rfe1 Qe7 16. Bf1 Rfd8 17. Qb1 1/2-1/2

[Event "3. Torneig Internacional Vila de Sitges"]
[Site "Sitges ESP"]
[Date "2009.10.25"]
[Round "1.2"]
[White "Castaño, Henry Augusto"]
[Black "Lacasa Diaz, Jose Antonio"]
[Result "0-1"]
[WhiteElo "2233"]
[BlackElo "2405"]
[PlyCount "80"]
[EventDate "2009.10.25"]
[EventType "tourn"]
[EventRounds "9"]
[EventCountry "ESP"]
[Source "lmi"]
[SourceDate "2009.10.25"]

1. e4 c6 2. d4 d5 3. f3 e6 4. Nc3 Bb4 5. e5 Ne7 6. a3 Bxc3+ 7. bxc3 c5 8. Ne2
Nbc6 9. g3 Qa5 10. Kf2 Qa4 11. Bh3 b6 12. Be3 O-O 13. dxc5 f6 14. exf6 Rxf6 15.
cxb6 axb6 16. Rf1 Nb8 17. Ng1 Nec6 18. Kg2 Ne5 19. Ne2 Nc4 20. Bg1 Nc6 21. Nd4
e5 22. Nb3 Bxh3+ 23. Kxh3 Ne7 24. Kg2 Qc6 25. Qe2 Ng6 26. h4 h5 27. Qd3 Raf8
28. Qe2 Rf5 29. a4 Qf6 30. Rad1 Nxh4+ 31. gxh4 Qxh4 32. Bh2 R8f6 33. Rxd5 Rg6+
34. Kh1 Rf4 35. Nd2 Nxd2 36. Rxd2 e4 37. fxe4 Rxf1+ 38. Qxf1 Qxe4+ 39. Rg2 h4
40. Qd3 Qxg2# 0-1

[Event "3. Torneig Internacional Vila de Sitges"]
[Site "Sitges ESP"]
[Date "2009.10.25"]
[Round "1.3"]
[White "Gonzalez, Raul Omar"]
[Black "Karlsson, Lars"]
[Result "0-1"]
[WhiteElo "2327"]
[BlackElo "2483"]
[PlyCount "234"]
[EventDate "2009.10.25"]
[EventType "tourn"]
[EventRounds "9"]
[EventCountry "ESP"]
[Source "lmi"]
[SourceDate "2009.10.25"]

1. d4 g6 2. g3 Bg7 3. Bg2 d6 4. Nf3 Nf6 5. O-O O-O 6. Nc3 d5 7. Bf4 Nh5 8. Bg5
f6 9. Be3 c6 10. Qd2 e5 11. dxe5 fxe5 12. Bh6 e4 13. Nd4 Bxh6 14. Qxh6 Qb6 15.
Nb3 Nd7 16. Qd2 Ne5 17. Nxd5 cxd5 18. Qxd5+ Nf7 19. Qxe4 Rb8 20. Qd4 Qc7 21.
Qxa7 Ng5 22. Qc5 Nh3+ 23. Bxh3 Qxc5 24. Nxc5 Bxh3 25. Rfd1 Rbc8 26. Nxb7 Rxc2
27. Rd8 Rxb2 28. Rxf8+ Kxf8 29. Nc5 Rxe2 30. a4 Rc2 31. Ne4 Bd7 32. a5 Rc4 33.
Ng5 Nf6 34. Nf3 Ra4 35. Rxa4 Bxa4 36. Nd4 Nd7 37. a6 Ke7 38. a7 Nb6 39. f4 Kd6
40. Kf2 Bc6 41. g4 Bd5 42. h4 Nc8 43. f5 Nxa7 44. fxg6 hxg6 45. h5 Ke5 46. Ke3
g5 47. Nf5 Bg8 48. Nd4 Bh7 49. Nf3+ Kf6 50. Nd4 Nc8 51. Nf3 Nd6 52. Kd4 Nf7 53.
Ke3 Bc2 54. Kd2 Be4 55. Nxg5 Kxg5 56. Ke3 Bh7 57. Kd4 Nh6 58. Kd5 Bb1 59. Kd4
Bc2 60. Kc3 Ba4 61. Kd4 Bd7 62. Kd5 Bc8 63. Kd4 Bb7 64. Kc5 Ba8 65. Kd6 Bb7 66.
Kc5 Bh1 67. Kd4 Bg2 68. Kc5 Bh3 69. Kd5 Bf1 70. Kd4 Be2 71. Kd5 Bf3+ 72. Kd6
Be4 73. Ke5 Bh7 74. Kd5 Bg8+ 75. Ke5 Bb3 76. Kd4 Be6 77. Ke5 Bxg4 78. Kd4 Bh3
79. Ke5 Bg2 80. Kd4 Bh1 81. Ke5 Bc6 82. Kd6 Bb7 83. Kc7 Ba8 84. Kb8 Bd5 85. Kc7
Ba2 86. Kd6 Bb3 87. Ke5 Bc4 88. Kd4 Be2 89. Ke3 Bd1 90. Kd4 Bg4 91. Kd5 Bxh5
92. Kd4 Kf4 93. Kd5 Bg4 94. Kd6 Bf5 95. Kc5 Be4 96. Kd6 Nf7+ 97. Kc5 Ke5 98.
Kc4 Nd6+ 99. Kc5 Bd5 100. Kb6 Kd4 101. Kc7 Nf5 102. Kb6 Kc4 103. Kc7 Kc5 104.
Kd7 Bf7 105. Kc7 Ne7 106. Kd7 Nd5 107. Kd8 Kc6 108. Kc8 Nc7 109. Kd8 Kd6 110.
Kc8 Bd5 111. Kd8 Bc6 112. Kc8 Ne6 113. Kb8 Kc5 114. Kc8 Kb6 115. Kb8 Bd7 116.
Ka8 Nc7+ 117. Kb8 Na6+ 0-1

[Event "3. Torneig Internacional Vila de Sitges"]
[Site "Sitges ESP"]
[Date "2009.10.25"]
[Round "1.4"]
[White "Oms Fuentes, Lluis"]
[Black "Fernandez Aguado, Enrique"]
[Result "1-0"]
[WhiteElo "2370"]
[BlackElo "2354"]
[PlyCount "91"]
[EventDate "2009.10.25"]
[EventType "tourn"]
[EventRounds "9"]
[EventCountry "ESP"]
[Source "lmi"]
[SourceDate "2009.10.25"]

1. e4 c5 2. Nf3 d6 3. d4 cxd4 4. Nxd4 Nf6 5. Nc3 a6 6. Bg5 e6 7. f4 Qb6 8. Qd2
Qxb2 9. Rb1 Qa3 10. e5 dxe5 11. fxe5 Nfd7 12. Ne4 Qxa2 13. Rb3 h6 14. Bh4 Qa1+
15. Kf2 Nc6 16. Nxc6 bxc6 17. Bb5 Qxe5 18. Bxc6 Bc5+ 19. Kf1 Ra7 20. Bg3 Qa1+
21. Qe1 Qd4 22. Rd3 Qc4 23. Bd6 Bd4 24. Qh4 f6 25. Bc5 Kd8 26. Bxd4 Qxc2 27.
Rd2 Qxc6 28. Bxa7 a5 29. Nc5 Ke7 30. Qd4 Ne5 31. Ne4 Ba6+ 32. Kf2 Ra8 33. Qc5+
Kf7 34. Qxc6 Nxc6 35. Bc5 Ne5 36. Ra1 f5 37. Nd6+ Kg6 38. Bb6 Rb8 39. Bxa5 Nd3+
40. Kg1 e5 41. Bc7 Rb3 42. g4 fxg4 43. Rxa6 Rb1+ 44. Kg2 Nf4+ 45. Kf2 Kg5 46.
Ne4+ 1-0

[Event "3. Torneig Internacional Vila de Sitges"]
[Site "Sitges ESP"]
[Date "2009.10.25"]
[Round "2.1"]
[White "Cruz, Jonathan"]
[Black "Ayas Fernandez, Antonio"]
[Result "1-0"]
[WhiteElo "2292"]
[BlackElo "2340"]
[PlyCount "55"]
[EventDate "2009.10.25"]
[EventType "tourn"]
[EventRounds "9"]
[EventCountry "ESP"]
[Source "lmi"]
[SourceDate "2009.10.25"]

1. d4 Nf6 2. c4 e6 3. Nc3 d5 4. Nf3 Be7 5. Bg5 h6 6. Bh4 O-O 7. Rc1 b6 8. cxd5
exd5 9. e3 Be6 10. Bd3 Nbd7 11. O-O c5 12. Bb1 c4 13. Ne5 Nxe5 14. dxe5 Nd7 15.
Bxe7 Qxe7 16. f4 f5 17. Qf3 Qf7 18. Rfd1 Nc5 19. Nxd5 Rad8 20. Nc3 Nd3 21. Rc2
b5 22. Nxb5 Bd5 23. Qf1 Be4 24. Nd6 Rxd6 25. exd6 Qb7 26. Rxc4 Nxb2 27. Bxe4
fxe4 28. Rb1 1-0

[Event "3. Torneig Internacional Vila de Sitges"]
[Site "Sitges ESP"]
[Date "2009.10.25"]
[Round "2.2"]
[White "Fernandez Aguado, Enrique"]
[Black "Beltran Rueda, Santiago"]
[Result "1-0"]
[WhiteElo "2354"]
[BlackElo "2427"]
[PlyCount "61"]
[EventDate "2009.10.25"]
[EventType "tourn"]
[EventRounds "9"]
[EventCountry "ESP"]
[Source "lmi"]
[SourceDate "2009.10.25"]

1. d4 d5 2. c4 Nf6 3. Nf3 c6 4. Nc3 dxc4 5. a4 Bf5 6. e3 e6 7. Bxc4 Bb4 8. O-O
Nbd7 9. Qe2 Bg6 10. Ne5 Nxe5 11. dxe5 Nd7 12. f4 Nb6 13. Rd1 Qh4 14. Qf1 O-O
15. a5 Nd5 16. Bxd5 cxd5 17. Qb5 Bxc3 18. bxc3 Rfc8 19. Qxb7 Be4 20. Ba3 Qg4
21. Rd2 h5 22. a6 h4 23. h3 Qg3 24. Bc5 Kh7 25. Bxa7 Qg6 26. Bd4 Rcb8 27. Qe7
Qg3 28. a7 Rb3 29. Qxf7 Bf5 30. Qh5+ Kg8 31. Qd1 1-0

[Event "3. Torneig Internacional Vila de Sitges"]
[Site "Sitges ESP"]
[Date "2009.10.25"]
[Round "2.3"]
[White "Karlsson, Lars"]
[Black "Oms Fuentes, Lluis"]
[Result "1-0"]
[WhiteElo "2483"]
[BlackElo "2370"]
[PlyCount "61"]
[EventDate "2009.10.25"]
[EventType "tourn"]
[EventRounds "9"]
[EventCountry "ESP"]
[Source "lmi"]
[SourceDate "2009.10.25"]

1. g3 f5 2. d4 Nf6 3. Bg2 g6 4. c3 Bg7 5. Nh3 d5 6. Nf4 O-O 7. Nd3 e6 8. Bg5
Nbd7 9. Nd2 h6 10. Bxf6 Bxf6 11. f4 c6 12. Nf3 b6 13. Qd2 Kh7 14. h4 h5 15.
Ng5+ Bxg5 16. hxg5 Ba6 17. Bf3 Kg7 18. Kf2 Qe7 19. Ne1 Rac8 20. Ng2 c5 21. Nh4
Rh8 22. e3 Nb8 23. Rh2 Nc6 24. Rah1 Na5 25. b3 Nb7 26. c4 dxc4 27. d5 Nd6 28.
Qb2+ c3 29. Qxc3+ Kf7 30. Qe5 Rcd8 31. Nxg6 1-0

[Event "3. Torneig Internacional Vila de Sitges"]
[Site "Sitges ESP"]
[Date "2009.10.25"]
[Round "2.4"]
[White "Lacasa Diaz, Jose Antonio"]
[Black "Gonzalez, Raul Omar"]
[Result "1/2-1/2"]
[WhiteElo "2405"]
[BlackElo "2327"]
[PlyCount "94"]
[EventDate "2009.10.25"]
[EventType "tourn"]
[EventRounds "9"]
[EventCountry "ESP"]
[Source "lmi"]
[SourceDate "2009.10.25"]

1. e4 c5 2. Nf3 d6 3. d4 cxd4 4. Nxd4 Nf6 5. Nc3 g6 6. Be3 Bg7 7. f3 h5 8. Qd2
Nc6 9. O-O-O Bd7 10. Kb1 Rc8 11. Be2 a6 12. h3 h4 13. Rhe1 Nh5 14. Nd5 Ng3 15.
Nxc6 Rxc6 16. Bd4 Kf8 17. Nb4 Rb6 18. Bxb6 Qxb6 19. c3 Be6 20. Nd5 Bxd5 21.
exd5 Bf6 22. Bd3 Kg7 23. Qe3 Qc7 24. Bc2 b5 25. Rd4 a5 26. Rg4 Rb8 27. Qd3 Kf8
28. Qd2 Kg7 29. a3 Qc5 30. Rd1 Rh8 31. Bd3 Qxd5 32. Qc2 Qc5 33. a4 bxa4 34.
Rxa4 Rb8 35. Ka1 Qe5 36. Rg4 Kf8 37. Qd2 Ke8 38. Re1 Qc5 39. Rc4 Qb6 40. Qc2
Kf8 41. Rg4 Ke8 42. Rb1 Qc5 43. Qa4+ Kf8 44. Qc2 Ke8 45. Qa4+ Kf8 46. Qc2 Ke8
47. Qa4+ Kf8 1/2-1/2

[Event "3. Torneig Internacional Vila de Sitges"]
[Site "Sitges ESP"]
[Date "2009.10.25"]
[Round "2.5"]
[White "Cruz, Filemon"]
[Black "Castaño, Henry Augusto"]
[Result "1-0"]
[WhiteElo "2404"]
[BlackElo "2233"]
[PlyCount "61"]
[EventDate "2009.10.25"]
[EventType "tourn"]
[EventRounds "9"]
[EventCountry "ESP"]
[Source "lmi"]
[SourceDate "2009.10.25"]

1. d4 Nf6 2. Nf3 e6 3. c4 b6 4. g3 Ba6 5. Nbd2 c5 6. Bg2 Bb7 7. O-O d6 8. Nb3
Nbd7 9. a4 a5 10. d5 exd5 11. Nh4 g6 12. cxd5 Bg7 13. Nd2 Ba6 14. Nb1 O-O 15.
Nc3 Ne8 16. Nf3 Nc7 17. Bg5 Bf6 18. h4 Re8 19. Re1 Rb8 20. Qc2 Ne5 21. Ne4 Bxg5
22. hxg5 Nxd5 23. Rad1 Nb4 24. Qc3 Nxf3+ 25. exf3 Re6 26. Bh3 Rxe4 27. fxe4 Nc6
28. e5 Nd4 29. e6 fxe6 30. Rxd4 cxd4 31. Bxe6+ 1-0

[Event "3. Torneig Internacional Vila de Sitges"]
[Site "Sitges ESP"]
[Date "2009.10.26"]
[Round "3.1"]
[White "Castaño, Henry Augusto"]
[Black "Cruz, Jonathan"]
[Result "1/2-1/2"]
[WhiteElo "2233"]
[BlackElo "2292"]
[PlyCount "123"]
[EventDate "2009.10.25"]
[EventType "tourn"]
[EventRounds "9"]
[EventCountry "ESP"]
[Source "lmi"]
[SourceDate "2009.10.25"]

1. e4 c5 2. Nf3 d6 3. d4 cxd4 4. Nxd4 Nf6 5. Nc3 a6 6. Bg5 e6 7. Qf3 Be7 8.
O-O-O Qa5 9. h4 Nbd7 10. Qg3 Qc7 11. h5 b5 12. a3 Rb8 13. Be3 Ne5 14. f4 Nc4
15. Bxc4 bxc4 16. e5 dxe5 17. fxe5 Rg8 18. Qf3 Bb7 19. Qf4 Nd5 20. Nxd5 Bxd5
21. Rhf1 Rf8 22. Ne2 c3 23. Nxc3 Rxb2 24. Rxd5 Qxc3 25. Qa4+ Rb5 26. Rxb5 Bxa3+
27. Kb1 axb5 28. Qxb5+ Ke7 29. Qb7+ Ke8 30. Rd1 Qb4+ 31. Qxb4 Bxb4 32. h6 gxh6
33. Bb6 f6 34. Rd8+ Kf7 35. Rd7+ Kg6 36. exf6 Kxf6 37. Rd4 Bc3 38. Rf4+ Kg7 39.
Rxf8 Kxf8 40. Kc1 Kf7 41. Kd1 Kg6 42. Ke2 Kf5 43. Kf3 h5 44. Bf2 e5 45. Kg3 e4
46. Kh4 Bd2 47. Kxh5 e3 48. g4+ Kf6 49. Bh4+ Kg7 50. Bg5 Bc1 51. Bh4 Bd2 52.
Bg5 Kf7 53. c4 Bc1 54. Bh4 Ba3 55. g5 Be7 56. Kg4 Kg6 57. Kf3 Bc5 58. Kg4 Bb4
59. Kf3 Bc5 60. Kg4 Bb6 61. Bg3 Bc5 62. Kf3 1/2-1/2

[Event "3. Torneig Internacional Vila de Sitges"]
[Site "Sitges ESP"]
[Date "2009.10.26"]
[Round "3.2"]
[White "Gonzalez, Raul Omar"]
[Black "Cruz, Filemon"]
[Result "1/2-1/2"]
[WhiteElo "2327"]
[BlackElo "2404"]
[PlyCount "40"]
[EventDate "2009.10.25"]
[EventType "tourn"]
[EventRounds "9"]
[EventCountry "ESP"]
[Source "lmi"]
[SourceDate "2009.10.25"]

1. d4 Nf6 2. Nf3 e6 3. e3 b6 4. Bd3 c5 5. O-O Bb7 6. Nbd2 cxd4 7. exd4 Be7 8.
Nc4 O-O 9. Bg5 d6 10. Re1 Nbd7 11. c3 Re8 12. Rc1 b5 13. Ncd2 a6 14. Bb1 Nf8
15. Nf1 Rc8 16. Ng3 Bd5 17. Qd3 Qb6 18. h3 Qb7 19. Re3 Rc7 20. a3 Rec8 1/2-1/2

[Event "3. Torneig Internacional Vila de Sitges"]
[Site "Sitges ESP"]
[Date "2009.10.26"]
[Round "3.4"]
[White "Beltran Rueda, Santiago"]
[Black "Karlsson, Lars"]
[Result "1/2-1/2"]
[WhiteElo "2427"]
[BlackElo "2483"]
[PlyCount "38"]
[EventDate "2009.10.25"]
[EventType "tourn"]
[EventRounds "9"]
[EventCountry "ESP"]
[Source "lmi"]
[SourceDate "2009.10.25"]

1. c4 e5 2. Nc3 Nc6 3. e3 d6 4. d4 g6 5. Nf3 Bg7 6. Be2 f5 7. dxe5 Nxe5 8. Qc2
Nf6 9. Nxe5 dxe5 10. b3 Qe7 11. Bb2 c6 12. O-O O-O 13. Rad1 Be6 14. Na4 Bf7 15.
Qc1 c5 16. Qa1 Rfe8 17. Rd2 Ne4 18. Rd3 Rad8 19. Rfd1 Rxd3 1/2-1/2

[Event "3. Torneig Internacional Vila de Sitges"]
[Site "Sitges ESP"]
[Date "2009.10.26"]
[Round "3.5"]
[White "Ayas Fernandez, Antonio"]
[Black "Fernandez Aguado, Enrique"]
[Result "1-0"]
[WhiteElo "2340"]
[BlackElo "2354"]
[PlyCount "99"]
[EventDate "2009.10.25"]
[EventType "tourn"]
[EventRounds "9"]
[EventCountry "ESP"]
[Source "lmi"]
[SourceDate "2009.10.25"]

1. e4 c5 2. Nf3 d6 3. d4 Nf6 4. Nc3 cxd4 5. Nxd4 a6 6. g3 e5 7. Nde2 Be7 8. Bg2
O-O 9. O-O Be6 10. h3 Nbd7 11. g4 b5 12. Ng3 Rc8 13. Nf5 Bxf5 14. exf5 b4 15.
Ne2 Qc7 16. c3 a5 17. cxb4 axb4 18. Ng3 Rfd8 19. g5 Ne8 20. g6 Ndf6 21. Bd5
Nxd5 22. Qxd5 Bh4 23. Ne4 hxg6 24. fxg6 Nf6 25. Nxf6+ Bxf6 26. Bd2 Rb8 27. Rac1
Qd7 28. Rc4 b3 29. a4 Qe6 30. Qxe6 fxe6 31. a5 d5 32. Rc6 e4 33. Rb1 Rbc8 34.
Rxe6 Rc2 35. Bf4 Bxb2 36. a6 Bd4 37. Rxb3 Rxf2 38. Be3 Rf3 39. Bxd4 Rxb3 40. a7
Rb4 41. Rd6 Re8 42. Rxd5 Rb3 43. Kg2 Ra3 44. Rd7 e3 45. Rxg7+ Kf8 46. Rf7+ Kg8
47. Rh7 Ra2+ 48. Kg3 Kf8 49. Rh8+ Ke7 50. g7 1-0

[Event "3. Torneig Internacional Vila de Sitges"]
[Site "Sitges ESP"]
[Date "2009.10.27"]
[Round "4.1"]
[White "Cruz, Jonathan"]
[Black "Fernandez Aguado, Enrique"]
[Result "1-0"]
[WhiteElo "2292"]
[BlackElo "2354"]
[PlyCount "75"]
[EventDate "2009.10.25"]
[EventType "tourn"]
[EventRounds "9"]
[EventCountry "ESP"]
[Source "lmi"]
[SourceDate "2009.10.25"]

1. d4 Nf6 2. c4 e6 3. Nc3 Bb4 4. Qc2 Nc6 5. Nf3 d6 6. a3 Bxc3+ 7. Qxc3 Ne4 8.
Qc2 f5 9. e3 O-O 10. Bd3 Ng5 11. Nxg5 Qxg5 12. f4 Qh4+ 13. g3 Qh6 14. Bd2 e5
15. d5 e4 16. Be2 Ne7 17. O-O-O Bd7 18. Bc3 Be8 19. h3 c6 20. dxc6 bxc6 21. g4
Qe6 22. Rhg1 Rf7 23. Rd4 d5 24. c5 fxg4 25. hxg4 Bd7 26. Rd2 Bc8 27. Bf1 a5 28.
f5 Qh6 29. Bd4 Qg5 30. Rdg2 a4 31. Rh1 h6 32. Qd2 Kf8 33. Be5 Ng8 34. Bd6+ Ke8
35. Be2 Bxf5 36. Rh5 Qg6 37. Rxf5 Rxf5 38. gxf5 1-0

[Event "3. Torneig Internacional Vila de Sitges"]
[Site "Sitges ESP"]
[Date "2009.10.27"]
[Round "4.2"]
[White "Karlsson, Lars"]
[Black "Ayas Fernandez, Antonio"]
[Result "1-0"]
[WhiteElo "2483"]
[BlackElo "2340"]
[PlyCount "63"]
[EventDate "2009.10.25"]
[EventType "tourn"]
[EventRounds "9"]
[EventCountry "ESP"]
[Source "lmi"]
[SourceDate "2009.10.25"]

1. Nf3 Nf6 2. g3 d5 3. Bg2 Bg4 4. Ne5 Bf5 5. d3 Nbd7 6. f4 e6 7. Nc3 Bb4 8. O-O
c6 9. e3 Nxe5 10. fxe5 Nd7 11. d4 Bxc3 12. bxc3 Nb6 13. Rb1 Qd7 14. Qe2 Nc4 15.
e4 Bg6 16. h4 h5 17. Bg5 Rc8 18. Rf4 b5 19. Bf3 a6 20. Rf1 Qa7 21. exd5 cxd5
22. g4 hxg4 23. Bxg4 Na3 24. Qf3 b4 25. Bxe6 Rxc3 26. Qg4 Nxc2 27. Rxf7 Bxf7
28. Bxf7+ Qxf7 29. Rxf7 Kxf7 30. e6+ Ke8 31. Qf5 Rg3+ 32. Kh2 1-0

[Event "3. Torneig Internacional Vila de Sitges"]
[Site "Sitges ESP"]
[Date "2009.10.27"]
[Round "4.4"]
[White "Cruz, Filemon"]
[Black "Oms Fuentes, Lluis"]
[Result "1/2-1/2"]
[WhiteElo "2404"]
[BlackElo "2370"]
[PlyCount "32"]
[EventDate "2009.10.25"]
[EventType "tourn"]
[EventRounds "9"]
[EventCountry "ESP"]
[Source "lmi"]
[SourceDate "2009.10.25"]

1. Nf3 f5 2. g3 Nf6 3. Bg2 d6 4. d4 g6 5. O-O Bg7 6. c4 O-O 7. Nc3 Nc6 8. d5
Ne5 9. Nxe5 dxe5 10. b3 e4 11. Qc2 a6 12. Rd1 Qe8 13. f3 exf3 14. exf3 e5 15.
Re1 Nd7 16. Be3 Qe7 1/2-1/2

[Event "3. Torneig Internacional Vila de Sitges"]
[Site "Sitges ESP"]
[Date "2009.10.27"]
[Round "4.5"]
[White "Castaño, Henry Augusto"]
[Black "Gonzalez, Raul Omar"]
[Result "1/2-1/2"]
[WhiteElo "2233"]
[BlackElo "2327"]
[PlyCount "131"]
[EventDate "2009.10.25"]
[EventType "tourn"]
[EventRounds "9"]
[EventCountry "ESP"]
[Source "lmi"]
[SourceDate "2009.10.25"]

1. e4 c5 2. Nf3 Qc7 3. d4 cxd4 4. Nxd4 a6 5. c4 e6 6. a3 Nf6 7. Nc3 b6 8. Bd3
Nc6 9. Nf3 Bd6 10. Qe2 O-O 11. O-O Bb7 12. Bd2 Ng4 13. h3 Nge5 14. Nxe5 Nxe5
15. Rfd1 Bc6 16. Be3 Nxd3 17. Qxd3 Be5 18. Bd4 f5 19. exf5 Rxf5 20. Bxe5 Qxe5
21. Qd4 Raf8 22. Qxe5 Rxe5 23. f3 Rf4 24. b3 Rg5 25. Kf2 b5 26. cxb5 axb5 27.
Ne2 Rf8 28. Nd4 Bd5 29. Rd3 Rc8 30. Rad1 Rb8 31. Rc1 h6 32. Rc5 Bc4 33. Rxg5
Bxd3 34. Rc5 b4 35. a4 Kf7 36. Ke3 Bf1 37. g4 Ke7 38. h4 Kd6 39. Rc1 Ba6 40. h5
Rf8 41. f4 Rb8 42. Nf3 Bb7 43. Nd4 Bd5 44. Rc2 Rg8 45. g5 hxg5 46. fxg5 Ke5 47.
Rc5 Rh8 48. Rb5 Rxh5 49. Rxb4 Rh3+ 50. Kf2 Rd3 51. Nb5 Rxb3 52. Rxb3 Bxb3 53.
a5 Bc4 54. Nc7 Kf5 55. Ne8 Kxg5 56. Nxg7 Kf6 57. Nh5+ Ke5 58. Ke3 d5 59. Ng7
d4+ 60. Kd2 Kd6 61. Ne8+ Kc6 62. Ng7 Kb5 63. a6 Kb6 64. a7 Kxa7 65. Nxe6 Bxe6
66. Kd3 1/2-1/2

[Event "3. Torneig Internacional Vila de Sitges"]
[Site "Sitges ESP"]
[Date "2009.10.28"]
[Round "5.1"]
[White "Gonzalez, Raul Omar"]
[Black "Cruz, Jonathan"]
[Result "1/2-1/2"]
[WhiteElo "2327"]
[BlackElo "2292"]
[PlyCount "131"]
[EventDate "2009.10.25"]
[EventType "tourn"]
[EventRounds "9"]
[EventCountry "ESP"]
[Source "lmi"]
[SourceDate "2009.10.25"]

1. d4 Nf6 2. e3 e6 3. Bd3 c5 4. f4 b6 5. Nf3 Bb7 6. O-O Nc6 7. c4 Be7 8. Nc3
cxd4 9. exd4 O-O 10. f5 exf5 11. Bxf5 d5 12. cxd5 Nxd5 13. Qd3 g6 14. Nxd5 Qxd5
15. Be4 Qh5 16. Bf4 Rad8 17. Qe3 Bd6 18. Bxc6 Bxc6 19. Ne5 Bxe5 20. Bxe5 Qg4
21. Qg3 Qxg3 22. hxg3 Rc8 23. Rf6 Bb7 24. Raf1 Rc2 25. R1f2 Rxf2 26. Rxf2 Rc8
27. g4 Bd5 28. a3 h6 29. Kh2 Rc1 30. Kg3 Be6 31. d5 Bd7 32. Bc3 Rd1 33. Rd2 Re1
34. d6 Re3+ 35. Kf4 Re1 36. Kf3 g5 37. Rd4 Re6 38. a4 Kh7 39. a5 Kg6 40. axb6
axb6 41. Kf2 Rf6+ 42. Ke3 Re6+ 43. Kf2 Re8 44. Rc4 Rc8 45. Rxc8 Bxc8 46. Kf3 f6
47. Bd4 b5 48. b4 Kf7 49. Kg3 Ke6 50. Bc3 Bd7 51. Bb2 Bc6 52. Bc3 Kf7 53. Bb2
Kg6 54. Bd4 f5 55. gxf5+ Kxf5 56. Be3 h5 57. Kh2 Kg4 58. Bd2 h4 59. Be3 Bd7 60.
Bd2 Be6 61. Be3 Kf5 62. g3 h3 63. Bd2 g4 64. Be3 Ke4 65. Bc5 Bd7 66. Bb6
1/2-1/2

[Event "3. Torneig Internacional Vila de Sitges"]
[Site "Sitges ESP"]
[Date "2009.10.28"]
[Round "5.2"]
[White "Oms Fuentes, Lluis"]
[Black "Castaño, Henry Augusto"]
[Result "1-0"]
[WhiteElo "2370"]
[BlackElo "2233"]
[PlyCount "57"]
[EventDate "2009.10.25"]
[EventType "tourn"]
[EventRounds "9"]
[EventCountry "ESP"]
[Source "lmi"]
[SourceDate "2009.10.25"]

1. e4 e5 2. Nc3 Nf6 3. Bc4 Nc6 4. d3 Na5 5. Nf3 Nxc4 6. dxc4 d6 7. h3 Be7 8.
Be3 c6 9. Qd3 Qc7 10. O-O O-O 11. Rad1 Ne8 12. Nd2 f5 13. f4 exf4 14. Bxf4 g5
15. Qg3 Ng7 16. Bxg5 Bxg5 17. Qxg5 Qb6+ 18. c5 Qxc5+ 19. Kh1 Be6 20. Qh6 Kh8
21. Nf3 fxe4 22. Ng5 Bg8 23. Ncxe4 Qxc2 24. Qxd6 Rxf1+ 25. Rxf1 Qxb2 26. Qh6
Qxa2 27. Nd6 Qc2 28. Qf6 Qg6 29. Ndf7+ 1-0

[Event "3. Torneig Internacional Vila de Sitges"]
[Site "Sitges ESP"]
[Date "2009.10.28"]
[Round "5.3"]
[White "Beltran Rueda, Santiago"]
[Black "Cruz, Filemon"]
[Result "0-1"]
[WhiteElo "2427"]
[BlackElo "2404"]
[PlyCount "76"]
[EventDate "2009.10.25"]
[EventType "tourn"]
[EventRounds "9"]
[EventCountry "ESP"]
[Source "lmi"]
[SourceDate "2009.10.25"]

1. c4 e5 2. Nc3 Nc6 3. e3 Nf6 4. Qc2 g6 5. Nf3 Bg7 6. a3 O-O 7. d3 a5 8. Be2
Re8 9. O-O d6 10. h3 h6 11. Rb1 Nh7 12. b4 axb4 13. axb4 Ne7 14. Bb2 Nf5 15.
Ra1 Rb8 16. Ne4 c6 17. Ned2 h5 18. Rfe1 Ng5 19. c5 Nxf3+ 20. Nxf3 d5 21. e4
dxe4 22. dxe4 Nd4 23. Bxd4 exd4 24. Rad1 b6 25. Bc4 bxc5 26. bxc5 Rb4 27. e5
Be6 28. Rxd4 Qxd4 29. Nxd4 Rxc4 30. Qb2 Bd5 31. f4 Rxc5 32. Rc1 Ra5 33. Nxc6
Ra2 34. Qb5 Rxg2+ 35. Kf1 Rd2 36. Qb4 Rh2 37. Ne7+ Kh7 38. Rc7 Ra8 0-1

[Event "3. Torneig Internacional Vila de Sitges"]
[Site "Sitges ESP"]
[Date "2009.10.28"]
[Round "5.4"]
[White "Ayas Fernandez, Antonio"]
[Black "Lacasa Diaz, Jose Antonio"]
[Result "1/2-1/2"]
[WhiteElo "2340"]
[BlackElo "2405"]
[PlyCount "84"]
[EventDate "2009.10.25"]
[EventType "tourn"]
[EventRounds "9"]
[EventCountry "ESP"]
[Source "lmi"]
[SourceDate "2009.10.25"]

1. e4 c5 2. Nf3 d6 3. d4 Nf6 4. Nc3 cxd4 5. Nxd4 e6 6. Be3 Be7 7. f3 Nc6 8. Qd2
O-O 9. O-O-O d5 10. exd5 Nxd5 11. Nxd5 Qxd5 12. Nb3 Qxd2+ 13. Bxd2 Rd8 14. Bb5
Bd7 15. Be3 Ne5 16. Bxd7 Nxd7 17. Na5 Bc5 18. Bxc5 Nxc5 19. b4 Na4 20. a3 Rxd1+
21. Rxd1 b6 22. Nc6 Nc3 23. Rd7 a5 24. Kb2 axb4 25. axb4 Nd5 26. c4 Ne3 27. Kb3
Nxg2 28. Rb7 Ne3 29. Rxb6 Ra3+ 30. Kxa3 Nxc4+ 31. Ka4 Nxb6+ 32. Kb5 Nd5 33. Kc5
g5 34. b5 Kg7 35. b6 Nxb6 36. Kxb6 Kf6 37. Kc5 Kf5 38. Kd6 Kf4 39. Ne5 f6 40.
Ng4 Kxf3 41. Nxf6 Kg2 42. Nxh7 Kxh2 1/2-1/2

[Event "3. Torneig Internacional Vila de Sitges"]
[Site "Sitges ESP"]
[Date "2009.10.28"]
[Round "5.5"]
[White "Fernandez Aguado, Enrique"]
[Black "Karlsson, Lars"]
[Result "1-0"]
[WhiteElo "2354"]
[BlackElo "2483"]
[PlyCount "51"]
[EventDate "2009.10.25"]
[EventType "tourn"]
[EventRounds "9"]
[EventCountry "ESP"]
[Source "lmi"]
[SourceDate "2009.10.25"]

1. e4 g6 2. d4 Bg7 3. c3 d6 4. Bg5 h6 5. Bh4 Nf6 6. Nd2 Nc6 7. f4 e5 8. fxe5
dxe5 9. d5 Ne7 10. Ngf3 O-O 11. Bxf6 Bxf6 12. Nc4 Bg4 13. Be2 Bxf3 14. Bxf3 Nc8
15. O-O Nd6 16. Na5 Bg5 17. Qd3 c5 18. Nc4 Nxc4 19. Qxc4 Qd6 20. Bg4 Rae8 21.
Rf3 f5 22. exf5 e4 23. Rff1 Bf4 24. fxg6 Bxh2+ 25. Kh1 b5 26. Rxf8+ 1-0

[Event "3. Torneig Internacional Vila de Sitges"]
[Site "Sitges ESP"]
[Date "2009.10.29"]
[Round "6.1"]
[White "Cruz, Jonathan"]
[Black "Karlsson, Lars"]
[Result "1/2-1/2"]
[WhiteElo "2292"]
[BlackElo "2483"]
[PlyCount "40"]
[EventDate "2009.10.25"]
[EventType "tourn"]
[EventRounds "9"]
[EventCountry "ESP"]
[Source "lmi"]
[SourceDate "2009.10.25"]

1. d4 e6 2. c4 f5 3. g3 Nf6 4. Bg2 Be7 5. Nf3 O-O 6. O-O d5 7. b3 Nc6 8. Ba3
Nb4 9. Bb2 a5 10. Ne5 Bd7 11. Nd2 Be8 12. Ndf3 Ne4 13. a3 Nc6 14. Nd3 a4 15.
cxd5 exd5 16. b4 b6 17. Nf4 Qd6 18. Ne5 Na7 19. Rc1 Rc8 20. e3 Bb5 1/2-1/2